|
|
|
|
| LEADER |
00000nam0a2200000 4500 |
| 001 |
297932 |
| 005 |
20231102001044.0 |
| 035 |
|
|
|a (RuTPU)RU\TPU\book\323067
|
| 090 |
|
|
|a 297932
|
| 100 |
|
|
|a 20150613d1975 km y0rusy50 ca
|
| 101 |
0 |
|
|a rus
|
| 102 |
|
|
|a RU
|
| 105 |
|
|
|a a z 000zy
|
| 200 |
1 |
|
|a Сварка котельно-вспомогательного оборудования и трубопроводов
|f А. М. Лошаков
|
| 210 |
|
|
|a Москва
|c Энергия
|d 1975
|
| 215 |
|
|
|a 128 с.
|c ил.
|
| 225 |
1 |
|
|a Библиотека тепломонтажника
|
| 606 |
1 |
|
|a Тепловые электрические станции
|x Оборудование
|x Монтаж
|x Сварка
|2 stltpush
|3 (RuTPU)RU\TPU\subj\59628
|9 77138
|
| 610 |
1 |
|
|a сварка
|
| 610 |
1 |
|
|a котельное оборудование
|
| 610 |
1 |
|
|a вспомогательное оборудование
|
| 610 |
1 |
|
|a трубопроводы
|
| 610 |
1 |
|
|a цилиндрические изделия
|
| 675 |
|
|
|a 621.311.22.002.72:621.791
|v 3
|
| 700 |
|
1 |
|a Лошаков
|b А. М.
|g Аркадий Михайлович
|
| 801 |
|
1 |
|a RU
|b 63413507
|c 20150613
|
| 801 |
|
2 |
|a RU
|b 63413507
|c 20150814
|g RCR
|
| 942 |
|
|
|c BK
|